Berlin, Hamburg oder Bremen - Statistiken

Allgemein
  • Dieses Quiz wurde 90 mal gespielt
  • Das Durchschnittsergebnis liegt bei 11 aus 15
Antwortstatistiken
Frage Antwort % Korrekt
Wo befinden sich Steglitz, Wilmersdorf und Hohenschönhausen?
95%
Welcher Stadtstaat besteht aus 2 Städten?
92%
Wo gibt es die meisten Brücken Europas?
91%
Wo befinden sich Vegesack, Findoff und Hemelingen?
88%
Wo befinden sich Sasel, Bahrenfeld und Winterhude?
82%
Welcher Stadtstaat ist der nach Fläche größte?
82%
Zu welchem Stadtstaat gehören 3 Inseln?
78%
Wo findet man den nach Passagieren meistfrequentierten Bahnhof Deutschlands?
74%
Wo stellt die CDU den Bürgermeister?
73%
Ein Fußballverein aus welchem Stadtstaat gewann bereits das Double aus Meisterschaft und Pokalsieg?
73%
Wo wurden 1920 6 eigenständige Städte zu der heutigen vereinigt?
65%
Wo befindet sich das Chilehaus?
64%
Wo befindet sich der älteste künstlich angelegte Hafen Deutschlands?
55%
Wo befindet sich das nach Stückzahlen größte Werk von Mercedes-Benz?
55%
In welchem Stadtstaat befindet sich der älteste Zoo Deutschlands?
51%
Keine übereinstimmenden Quizze gefunden
Verteilung der Resultate
Anzahl Personen mit jedem Resultat
Perzentil nach korrekt beantworteten Fragen
Ihre Resultats-Entwicklung
Sie haben dieses Quiz noch nicht gespielt